Premier League teams 1994/1995 - Statistics

General Stats
  • This quiz has been taken 7 times
  • The average score is 19 of 22
Answer Stats
Position Points Team % Correct
12 51 Arsenal
100%
18 48 Aston Villa
100%
11 54 Chelsea
100%
5 73 Leeds United
100%
4 74 Liverpool
100%
17 49 Manchester City
100%
2 88 Manchester United
100%
7 62 Tottenham Hotspur
100%
15 50 Everton
86%
22 27 Ipswich Town
86%
21 29 Leicester City
86%
3 77 Nottingham Forest
86%
13 51 Sheffield Wednesday
86%
14 50 West Ham United
86%
1 89 Blackburn Rovers
71%
16 50 Coventry City
71%
19 45 Crystal Palace
71%
6 72 Newcastle United
71%
20 43 Norwich City
71%
8 60 Queens Park Rangers
71%
10 54 Southampton
71%
9 56 Wimbledon
71%
No matching quizzes found
Score Distribution
Percent of People with Each Score
Percentile by Number Answered
Your Score History
You have not taken this quiz